| 000 | 00324 a2200121 4500 | ||
|---|---|---|---|
| 999 |
_c300363 _d300363 |
||
| 001 | 65290 | ||
| 003 | NUST | ||
| 005 | 20180119120856.0 | ||
| 008 | 180119b xxu||||| |||| 00| 0 eng d | ||
| 082 | _a320.85491 WAJ | ||
| 100 |
_aProf.Dr. Muhammad Abuzar Wajidi _99069 |
||
| 245 | _aLocal Government in Pakistan | ||
| 260 |
_aPakistan _bRoyal Book Company Karachi _c2000 |
||
| 300 | _a312p. | ||
| 942 |
_aNUST CAE _cBK _k320.85491 WAJ _2ddc |
||